La controversia monetarista o ¿deberíamos desechar las políticas de estabilización? (Registro nro. 24608)
[ vista simple ]
| 000 -LEADER | |
|---|---|
| fixed length control field | 00428 a2200121 4500 |
| 001 - CONTROL NUMBER | |
| control field | ART_9501 |
| 005 - DATE AND TIME OF LATEST TRANSACTION | |
| control field | 20260410161847.0 |
| 008 - FIXED-LENGTH DATA ELEMENTS--GENERAL INFORMATION | |
| fixed length control field | 260409a |
| 100 1# - MAIN ENTRY--PERSONAL NAME | |
| Personal name | Modigliani, Franco |
| 245 10 - TITLE STATEMENT | |
| Title | La controversia monetarista o ¿deberíamos desechar las políticas de estabilización? |
| 700 1# - ADDED ENTRY--PERSONAL NAME | |
| Personal name | Chávez de la Lama, Ignacio |
| 773 0# - HOST ITEM ENTRY | |
| Title | El trimestre económico |
| Related parts | - Vol. LII, Nº 206 (abr./jun. 1985) |
| Record control number | REV6933 |
No hay ítems disponibles.